| 000 | 00401nam a2200157Ia 4500 | ||
|---|---|---|---|
| 008 | 230312s9999||||xx |||||||||||||| ||und|| | ||
| 020 | _a81-8128-312-2 | ||
| 082 |
_a621.39732 _bUYE-C |
||
| 100 | _aUyemura,John.P | ||
| 245 | 0 | _aCMOS Logic Circuit design | |
| 260 |
_bSpringer _aIndia _c2007 |
||
| 300 | _a528 | ||
| 546 | _aEng. | ||
| 650 |
_aEngineering _vCurrent-Voltage Characteristics |
||
| 942 | _cBK | ||
| 999 |
_c1187 _d1187 |
||